Satan, ses pompes et ses oeuvres, ou, Discours sur les désordres ordinaires du monde, sapant toutes les vertus et innocentant tous les vices

Detalles Bibliográficos
Otros Autores: Migne, Jacques Paul 1800-1875 (ed.)
Formato: Libro
Lenguaje:French
Publicado: Parisiis 1866
Materias:
Colección:Banco de datos
Acervo:Biblioteca de la Congregación del Oratorio de San Felipe Neri de México. Iglesia La Profesa
Descripción Física:1432 col. 28 cm.
Tema general:Moral
Notas:Encuadernación en papel. Daños de humedad, hongo y en la encuadernación
LEADER 01086nam a22001930004500
035 |a 1210 
041 0 |a fre 
245 1 0 |a Satan, ses pompes et ses oeuvres, ou, Discours sur les désordres ordinaires du monde, sapant toutes les vertus et innocentant tous les vices  |c publié par M. l'abbé Migne, éditeur de la Bibliothèque Universelle du Clergé, ou des cours complets sur chaque branche de la science ecclésiastique. Tome unique 
260 |a Parisiis  |b s'imprime et se vend chez J.-P. Migne, editeur, aux Ateliers Catholiques  |c 1866 
300 |a 1432 col.  |c 28 cm. 
500 |a Encuadernación en papel. Daños de humedad, hongo y en la encuadernación 
504 |a Índices de contenido y de materias 
650 1 0 |a Moral 
700 1 |a Migne, Jacques Paul  |d 1800-1875  |e ed. 
740 0 |a Discours sur les désordres ordinaires du monde, sapant toutes les vertus et innocentant tous les vices 
949 |a Iglesia La Profesa, Biblioteca 1915 
942 |c PROFESA 
943 |g Biblioteca de la Congregación del Oratorio de San Felipe Neri de México. Iglesia La Profesa 
999 |c 948021  |d 948021